Statistiques concernant Films avec Jacques Villeret par image

Cliquez ici pour prendre le quiz!

Statistiques générales

  • Ce quiz a été pris 76 fois
  • Le résultat moyen est 5 sur 16

Statistiques - réponses

Réponse% Correct
Le Dîner de cons
97%
La Soupe aux choux
96%
Papy fait de la résistance
73%
Iznogoud
62%
Les Enfants du marais
41%
Un crime au Paradis
25%
Malabar Princess
24%
Les Morfalous
23%
Garçon !
20%
Les Frères Pétard
18%
Vipère au poing
15%
Effroyables Jardins
14%
Black Mic-Mac
8%
L'Été en pente douce
8%
Les Parrains
7%
Robert et Robert
4%

Distribution des résultats

Percentile par nombre de réponses

% des personnes avec chaque résultat

Votre développement - résultats

Vous n’avez pas pris ce quiz